000 01068cam a2200229 4500
008 000000n2001 000 0 eng u
035 _a(Sirsi) u112389
245 _aEsprit de corps
260 _c2001
490 _aRIBA Journal
_v108(5) May 2001, 81-82(2)
520 _aLooks at Teamwork, an educational initiative aiming to develop a new working model for building procurement. The Teamwork 2001 Live Week seeks to build on the achievements the previous year's event and bring architects, engineers and quantity surveyors together using technology to achieve true Egan-style collaboration within the construction industry. The project uses 3D virtual models to enable the construction team to visualise the construction and occupation of designs before they are built.
590 _aABS
650 _aCOLLABORATION
650 _aCONSTRUCTION INDUSTRY
650 _aEGAN REFORMS
650 _aEGAN REFORMS
650 _aTEAMWORK
650 _aTEAMWORK 2000 LIVE WEEK
650 _aTEAMWORK 2001 LIVE WEEK
690 _aProcurement
_96260
942 _n0
999 _c66887
_d66887